Ioannis Iuelli Angli, Episcopi Sarisburiensis vita & mors : eiusq[ue] veræ doctrinæ defensio, cum refutatione quorundam obiectorum, Thomæ Hardingi, Nicol. Sanderi, Alani Copi, Hieronymi Osorij Lusitani, Pontaci Burdegalensis. Laurentio Humfredo s. theologiæ apud Oxonienses professore regio, autore.

Bibliographic Details
Main Author: Humphrey, Laurence, 1525 or 6-1589
Format: eBook
Language:Latin
Published: Londini : Apud Iohannem Dayum typographum, An. 1573. Cum gratia and priuilegio Regiæ Maiestatis.
Series:Early English books online.
Subjects:
Online Access:Connect to the full text of this electronic book

MARC

Tag First Indicator Second Indicator Subfields
LEADER 00000nam a2200000 4500
001 in00004228913
005 20200806095439.0
006 m g d
007 cr bn |||a|bb|
008 910125s1573 enk o 00| | lat d
035 |a (UnM)99840031 
037 |a CL0036000008  |b ProQuest. 789 E. Eisenhower Parkway, Ann Arbor, MI 48108-3218 
040 |a Cu-RivES  |c Cu-RivES  |d CStRLIN  |e dcrb  |d WaOLN 
100 1 |a Humphrey, Laurence,  |d 1525 or 6-1589. 
245 0 0 |a Ioannis Iuelli Angli, Episcopi Sarisburiensis vita & mors :  |b eiusq[ue] veræ doctrinæ defensio, cum refutatione quorundam obiectorum, Thomæ Hardingi, Nicol. Sanderi, Alani Copi, Hieronymi Osorij Lusitani, Pontaci Burdegalensis. Laurentio Humfredo s. theologiæ apud Oxonienses professore regio, autore. 
246 2 |a Joannis Juelli Angli, Episcopi Sarisburiensis vita & mors 
246 2 |a Joannis Juelli Angli, Episcopi Sarisburiensis vita & mors. 
260 |a Londini :  |b Apud Iohannem Dayum typographum,  |c An. 1573. Cum gratia and priuilegio Regiæ Maiestatis. 
300 |a 1 online resource ([36], 269, [31] pages) 
336 |a text  |b txt  |2 rdacontent 
337 |a computer  |b c  |2 rdamedia 
338 |a online resource  |b cr  |2 rdacarrier 
500 |a The final leaves contain memorial verses by various authors. 
500 |a Reproduction of the original in the Henry E. Huntington Library and Art Gallery. 
510 4 |a STC (2nd edition)  |c 13963. 
533 |a Electronic reproduction.  |b Ann Arbor, Mich. :  |c UMI,  |d 1999-  |f (Early English books online)  |n Digital version of: (Early English books, 1475-1640 ; 249:02)  |7 s1999 miun s 
600 1 0 |a Jewel, John,  |d 1522-1571  |v Early works to 1800. 
600 1 0 |a Harding, Thomas,  |d 1516-1572  |v Controversial literature. 
830 0 |a Early English books online. 
856 4 0 |u http://proxy.library.tamu.edu/login?url=https://search.proquest.com/docview/2240926479  |z Connect to the full text of this electronic book  |t 0 
999 f f |s d8322d80-95f4-3837-b563-a65b4d16660d  |i 8e1497ff-ae6e-3ad7-8cd2-41e4fbf0bbae  |t 0 
952 f f |a Texas A&M University  |b College Station  |c Electronic Resources  |d Available Online  |t 0  |h No information provided 
998 f f |t 0  |l Available Online